000 005080000a22001930004500
001 001926
003 MACL
005 20151023152423.0
008 151023b xxu||||| |||| 00| 0 eng d
040 _aMACL
_cMACL
041 _aEnglish
082 _a923.2/ATA
100 _aAtal, Yogesh
_9363
245 _aMandate for Political Transitition
_bReemergence of Vajpayee
_cYogesh Atal
260 _aNew Delhi
_c2000
_bRawat Publications,
350 _a375
650 _aBiography
_916490
942 _k923
_cBK
_2ddc
999 _c13842
_d13842